| 000 | 00386nam a22001457a 4500 | ||
|---|---|---|---|
| 020 | _a0751311243 | ||
| 082 |
_a643.1 _bGRE _c44365 |
||
| 100 |
_aGrey johnny _944648 |
||
| 245 |
_aThe complete home design book _cJohnny grey |
||
| 260 |
_alondon : _bDK _c1998. |
||
| 300 |
_a311 p. _bill. : _c24 cm. |
||
| 526 |
_a0 _b0 _c0 _d643_100000000000000_GRE |
||
| 650 |
_aMCE, _9379 |
||
| 942 |
_2ddc _cBK |
||
| 999 |
_c548376 _d548376 |
||